[Event "DEM U10/U10w 2009"]
[Site "Willingen GER"]
[Date "2009.06.04"]
[Round "8"]
[White "Greßmann, Moritz"]
[Black "Krüger, David"]
[Result "1/2-1/2"]
[Termination "normal"]
[Board "9"]
[WhiteElo "1500"]
[BlackElo "1094"]
[PlyCount "53"]
[WhiteFideId "24695084"]
[BlackFideId "12921858"]
[EventCountry "GER"]
[EventRounds "11"]
[EventType "swiss"]
[EventDate "2009.05.30"]

1. Nf3 d5 2. c4 dxc4 3. e3 a6 4. Bxc4 e6 5. O-O Nf6 6. d4 c5 7. dxc5 Qxd1 8.
Rxd1 Bxc5 9. Nbd2 b5 10. Be2 Bb7 11. a3 Nbd7 12. b4 Be7 13. Bb2 O-O 14. Rac1
Rac8 15. Nf1 Rfd8 16. Ng3 Nb6 17. Nd2 Rxc1 18. Bxc1 Na4 19. Nf3 Rxd1+ 20. Bxd1
Nc3 21. Bc2 Nfe4 22. Nxe4 Nxe4 23. Nd4 Bf6 24. Nb3 Nc3 25. Kf1 Na2 26. Bd2 Bb2
27. Nc5 1/2-1/2

[Event "DEM U10/U10w 2009"]
[Site "Willingen GER"]
[Date "2009.06.04"]
[Round "8"]
[White "Spitzl, Vinzent"]
[Black "Gungl, Theo"]
[Result "1/2-1/2"]
[Termination "normal"]
[Board "10"]
[WhiteElo "1382"]
[BlackElo "1681"]
[PlyCount "45"]
[WhiteFideId "12901253"]
[BlackFideId "24695653"]
[EventCountry "GER"]
[EventRounds "11"]
[EventType "swiss"]
[EventDate "2009.05.30"]

1. d4 c6 2. c4 d5 3. Nf3 e6 4. Nc3 dxc4 5. e3 Nf6 6. Bxc4 Nbd7 7. O-O a6 8. Bd3
c5 9. dxc5 Bxc5 10. e4 b5 11. Bg5 Qc7 12. Rc1 Qb8 13. Re1 Bb7 14. Bxf6 Nxf6 15.
Nxb5 Bxf2+ 16. Kxf2 axb5 17. Bxb5+ Kf8 18. Qb3 Nxe4+ 19. Rxe4 Bxe4 20. Qb4+ Kg8
21. Qxe4 Rxa2 22. Qc2 g6 23. Qb3 1/2-1/2

[Event "DEM U10/U10w 2009"]
[Site "Willingen GER"]
[Date "2009.06.04"]
[Round "8"]
[White "Petrashov, Alexander"]
[Black "Boes, Julian"]
[Result "1-0"]
[Termination "normal"]
[Board "11"]
[WhiteElo "1613"]
[BlackElo "1186"]
[PlyCount "121"]
[WhiteFideId "24662461"]
[BlackFideId "12907723"]
[EventCountry "GER"]
[EventRounds "11"]
[EventType "swiss"]
[EventDate "2009.05.30"]

1. e4 e5 2. Nf3 Nf6 3. Nc3 Nc6 4. d4 exd4 5. Nxd4 Nxd4 6. Qxd4 b6 7. e5 Ng8 8.
Qe4 c6 9. Bc4 Bb7 10. Bf4 b5 11. Bb3 Qb6 12. Rd1 O-O-O 13. O-O c5 14. Bd5 a6
15. Qf5 Bxd5 16. Nxd5 Qe6 17. Qxe6 fxe6 18. Nc3 Ne7 19. Ne4 Nf5 20. g4 Nd4 21.
Bg5 Re8 22. c3 Nc6 23. f4 h6 24. Bh4 Be7 25. Bxe7 Rxe7 26. Nxc5 a5 27. Rd6 Rf8
28. Kg2 g5 29. fxg5 Rxf1 30. Kxf1 hxg5 31. Nd3 Rf7+ 32. Ke2 Rh7 33. Kf3 Rxh2
34. a3 Rd2 35. Ke4 Rg2 36. Kf3 Rd2 37. Ke3 Rh2 38. b4 axb4 39. axb4 Rc2 40. Nc5
Rxc3+ 41. Kd2 Rc4 42. Nxd7 Kc7 43. Nc5 Nxe5 44. Rxe6 Nxg4 45. Rg6 Rxb4 46. Na6+
Kb7 47. Nxb4 Ne5 48. Rg7+ Kb6 49. Ke3 Nc4+ 50. Kd4 Ka5 51. Kc5 Ka4 52. Rxg5 Nd2
53. Rg4 Nb3+ 54. Kb6 Ka3 55. Kxb5 Kb2 56. Rg2+ Kc3 57. Rc2+ Kd4 58. Nc6+ Kd5
59. Rc3 Na1 60. Ra3 Nc2 61. Nb4+ 1-0

[Event "DEM U10/U10w 2009"]
[Site "Willingen GER"]
[Date "2009.06.04"]
[Round "8"]
[White "Wiesner, Paula"]
[Black "Mehsin, Yazan"]
[Result "1-0"]
[Termination "normal"]
[Board "12"]
[WhiteElo "1942"]
[BlackElo "1180"]
[PlyCount "97"]
[WhiteFideId "24654019"]
[EventCountry "GER"]
[EventRounds "11"]
[EventType "swiss"]
[EventDate "2009.05.30"]

1. d4 d5 2. c4 e6 3. Nc3 c5 4. dxc5 Nf6 5. cxd5 exd5 6. b4 Nc6 7. a3 Bf5 8. Bd2
Nd4 9. Rc1 Be7 10. e3 Ne6 11. Nf3 O-O 12. Be2 d4 13. exd4 Nxd4 14. Nxd4 Qxd4
15. Be3 Qh4 16. O-O Rad8 17. Qb3 Bg4 18. Bxg4 Nxg4 19. Bf4 Bg5 20. Bg3 Qh6 21.
Rcd1 Bd2 22. Ne4 Kh8 23. h3 Nf6 24. Nxf6 Qxf6 25. Bd6 Rfe8 26. Rxd2 Qh6 27.
Rdd1 Kg8 28. Rfe1 Qh5 29. Qf3 Qg6 30. Qxb7 Qc2 31. Qxa7 Qc3 32. Rxe8+ Rxe8 33.
Bg3 Qc2 34. Qd7 Rf8 35. Qd3 Qa4 36. Re1 Qc6 37. Qd6 Qa4 38. Re3 Qc2 39. c6 Qc1+
40. Kh2 h6 41. c7 Kh7 42. Qxf8 f5 43. c8=Q Qxc8 44. Qxc8 f4 45. Bxf4 g5 46.
Qf5+ Kg7 47. Re7+ Kg8 48. Qf7+ Kh8 49. Qf8# 1-0

[Event "DEM U10/U10w 2009"]
[Site "Willingen GER"]
[Date "2009.06.04"]
[Round "8"]
[White "Schulte, Felix"]
[Black "Reimers, Juri"]
[Result "0-1"]
[Termination "normal"]
[Board "13"]
[WhiteElo "1179"]
[BlackElo "1503"]
[PlyCount "50"]
[WhiteFideId "12914800"]
[BlackFideId "24661511"]
[EventCountry "GER"]
[EventRounds "11"]
[EventType "swiss"]
[EventDate "2009.05.30"]

1. e4 d5 2. exd5 Qxd5 3. Nc3 Qa5 4. Nf3 Nf6 5. d4 c6 6. Bd3 Qc7 7. Be3 Bg4 8.
h3 Bh5 9. Qd2 Bxf3 10. gxf3 e6 11. O-O-O Nbd7 12. Rdg1 g6 13. Kb1 O-O-O 14. Ne4
Nxe4 15. fxe4 Bg7 16. f4 Kb8 17. h4 f5 18. exf5 exf5 19. Bxf5 Nb6 20. Bh3 Nc4
21. Qd3 Nxe3 22. Qxe3 Bxd4 23. Qb3 Bxg1 24. Rxg1 Qxf4 25. Bg2 Qf2 0-1

[Event "DEM U10/U10w 2009"]
[Site "Willingen GER"]
[Date "2009.06.04"]
[Round "8"]
[White "Kania, Markus"]
[Black "Kollars, Dmitrij"]
[Result "0-1"]
[Termination "normal"]
[Board "14"]
[WhiteElo "1178"]
[BlackElo "1465"]
[PlyCount "54"]
[WhiteFideId "12903736"]
[BlackFideId "12909572"]
[EventCountry "GER"]
[EventRounds "11"]
[EventType "swiss"]
[EventDate "2009.05.30"]

1. f4 d5 2. Nf3 Nf6 3. g3 g6 4. Bg2 Bg7 5. O-O O-O 6. d3 c6 7. Qe1 Nbd7 8. e4
dxe4 9. dxe4 e5 10. Nxe5 Nxe5 11. fxe5 Ng4 12. Bf4 Qd4+ 13. Kh1 Qxb2 14. Qc3
Qxc3 15. Nxc3 Nxe5 16. Rad1 Be6 17. a4 Bc4 18. Rfe1 Ng4 19. Bd6 Bxc3 20. Bxf8
Kxf8 21. Rf1 Bxf1 22. Rxf1 Rd8 23. h3 Ne3 24. Rf3 Rd1+ 25. Kh2 Bd4 26. c3 Bc5
27. g4 Bd6+ 0-1

[Event "DEM U10/U10w 2009"]
[Site "Willingen GER"]
[Date "2009.06.04"]
[Round "8"]
[White "Perske, Thore"]
[Black "Riehle, Marco"]
[Result "1-0"]
[Termination "normal"]
[Board "15"]
[WhiteElo "1120"]
[BlackElo "1442"]
[PlyCount "141"]
[WhiteFideId "12902195"]
[BlackFideId "12904392"]
[EventCountry "GER"]
[EventRounds "11"]
[EventType "swiss"]
[EventDate "2009.05.30"]

1. e4 e5 2. Nf3 Nc6 3. Bc4 Bc5 4. d3 d6 5. c3 Be6 6. Bb3 Nf6 7. Bc2 O-O 8. O-O
Bg4 9. h3 Bh5 10. Nbd2 Qd7 11. Re1 d5 12. Qe2 Rae8 13. Nf1 Bb6 14. Ng3 dxe4 15.
dxe4 Kh8 16. Nxh5 Nxh5 17. Bd2 Re6 18. Ng5 Rh6 19. Nf3 Rf6 20. Kh2 Nf4 21. Bxf4
Rxf4 22. Rad1 Qe6 23. Bb3 Qg6 24. Bc2 a6 25. g3 Rf6 26. Kg2 Ba7 27. Rd7 Bb6 28.
Red1 h6 29. Ba4 Kh7 30. Bxc6 bxc6 31. Nxe5 Qg5 32. Nf3 Qc5 33. Rd8 Rxd8 34.
Rxd8 h5 35. Rd2 h4 36. Nxh4 Qg5 37. Nf3 Qh6 38. Nd4 Rd6 39. Rd3 Qf6 40. Nf5
Rxd3 41. Qxd3 g6 42. Ne3 Qe6 43. Qc4 Qd7 44. Qe2 Qe6 45. Nc4 Ba7 46. f4 f5 47.
Kf3 Bc5 48. b3 Kg7 49. Ne5 Kh6 50. Qc4 Qe7 51. b4 Bb6 52. Qxc6 fxe4+ 53. Kxe4
Qh7 54. f5 Bf2 55. g4 a5 56. Qxg6+ Qxg6 57. Nxg6 a4 58. Kd5 Be1 59. Kc4 c6 60.
h4 a3 61. g5+ Kg7 62. Ne5 Bxh4 63. g6 Bg3 64. Nxc6 Kf8 65. b5 Kg7 66. b6 Kh8
67. f6 Kg8 68. Ne7+ Kh8 69. g7+ Kh7 70. g8=Q+ Kh6 71. Qg6# 1-0

[Event "DEM U10/U10w 2009"]
[Site "Willingen GER"]
[Date "2009.06.04"]
[Round "8"]
[White "Hümmecke, Sarah"]
[Black "Hemprich, Iustus"]
[Result "0-1"]
[Termination "normal"]
[Board "16"]
[WhiteElo "979"]
[BlackElo "1420"]
[PlyCount "44"]
[EventCountry "GER"]
[EventRounds "11"]
[EventType "swiss"]
[EventDate "2009.05.30"]

1. e4 c5 2. c3 d5 3. exd5 Qxd5 4. d4 e6 5. Nf3 Nf6 6. c4 Qd8 7. Nc3 cxd4 8.
Qxd4 Bd7 9. Ne5 Nc6 10. Nxc6 Bxc6 11. Be3 Qxd4 12. Bxd4 Be7 13. Rg1 O-O 14.
O-O-O Ne4 15. Rd3 Bg5+ 16. Kd1 e5 17. Nxe4 Bxe4 18. Rg3 Bf4 19. Rg4 Rfd8 20. f3
Rxd4+ 21. Ke1 Bf5 22. Rh4 Bd2+ 0-1

[Event "DEM U10/U10w 2009"]
[Site "Willingen GER"]
[Date "2009.06.04"]
[Round "8"]
[White "Scheinhütte, Jakob"]
[Black "Peter, Anton"]
[Result "1-0"]
[Termination "normal"]
[Board "17"]
[WhiteElo "1174"]
[BlackElo "1359"]
[PlyCount "103"]
[WhiteFideId "24693944"]
[BlackFideId "12901660"]
[EventCountry "GER"]
[EventRounds "11"]
[EventType "swiss"]
[EventDate "2009.05.30"]

1. e4 e5 2. Nf3 d6 3. Bb5+ c6 4. Ba4 Nf6 5. Nc3 Be7 6. O-O Bg4 7. h3 Bh5 8. a3
Nbd7 9. d3 Qc7 10. Be3 O-O 11. Qe2 d5 12. Bg5 d4 13. Nb1 h6 14. Bxf6 Bxf6 15.
Nbd2 Be7 16. Rfd1 f5 17. Bb3+ Kh8 18. exf5 Rxf5 19. g4 Bxg4 20. hxg4 Rf4 21.
Be6 Nf8 22. Bf5 g6 23. Be4 Rxg4+ 24. Kf1 Nd7 25. Ng1 Nf6 26. f3 Nh5 27. Qh2 Rf8
28. Ne2 Qd6 29. Nc4 Qf6 30. Qxe5 b5 31. Qxf6+ Rxf6 32. Nd2 c5 33. Kf2 Rf8 34.
Rg1 Rxg1 35. Rxg1 Bg5 36. Bxg6 Bxd2 37. Bxh5 Be3+ 38. Kf1 Bxg1 39. Kxg1 Kg7 40.
Kg2 Kf6 41. f4 Rg8+ 42. Kf3 Rg7 43. Ng3 c4 44. Ne4+ Ke7 45. f5 Kf8 46. Bg6 cxd3
47. cxd3 Rc7 48. f6 Rc2 49. f7 Rxb2 50. Nf6 Kg7 51. Nd7 Kxg6 52. f8=Q 1-0

[Event "DEM U10/U10w 2009"]
[Site "Willingen GER"]
[Date "2009.06.04"]
[Round "8"]
[White "Fabiunke, Jakob"]
[Black "Sieber, Fiona"]
[Result "1-0"]
[Termination "normal"]
[Board "18"]
[WhiteElo "1289"]
[BlackElo "1082"]
[PlyCount "121"]
[WhiteFideId "24686085"]
[BlackFideId "12902373"]
[EventCountry "GER"]
[EventRounds "11"]
[EventType "swiss"]
[EventDate "2009.05.30"]

1. d4 d5 2. Nf3 Nf6 3. c4 dxc4 4. Nc3 e6 5. a3 Nbd7 6. e4 c5 7. dxc5 Bxc5 8.
Bxc4 O-O 9. O-O b6 10. Bg5 Bb7 11. e5 Bxf3 12. Qxf3 Nxe5 13. Qe2 Nxc4 14. Qxc4
Qd4 15. Qxd4 Bxd4 16. Rad1 Bxc3 17. bxc3 Ne4 18. Be3 Nxc3 19. Rd3 Nd5 20. Rfd1
Rfc8 21. Bd4 b5 22. Rb1 a6 23. h3 Kf8 24. Rg3 Rc4 25. Bxg7+ Ke7 26. Be5 Re4 27.
Bc3 Nxc3 28. Rxc3 Kd6 29. Rd1+ Ke7 30. Rb1 Rc4 31. Rxc4 bxc4 32. Kf1 Kd6 33.
Ke2 Kd5 34. Kd2 Kd4 35. Rb4 Rc8 36. Kc2 e5 37. Rb6 Ra8 38. Rd6+ Kc5 39. Rd7 Rb8
40. Rxf7 Rb3 41. Rxh7 Rxa3 42. g4 c3 43. g5 Kb4 44. Rh4+ Kc5 45. g6 Ra2+ 46.
Kxc3 Rxf2 47. g7 Rf3+ 48. Kd2 Rg3 49. Rg4 Rxg4 50. hxg4 a5 51. g8=Q a4 52. Qc8+
Kd5 53. Kd3 a3 54. Qc4+ Kd6 55. g5 Ke7 56. g6 Kf6 57. Qf7+ Kg5 58. g7 e4+ 59.
Kxe4 a2 60. g8=Q+ Kh6 61. Qfh7# 1-0

[Event "DEM U10/U10w 2009"]
[Site "Willingen GER"]
[Date "2009.06.04"]
[Round "8"]
[White "Rost, Henning"]
[Black "Gschnitzer, Adrian"]
[Result "0-1"]
[Termination "normal"]
[Board "19"]
[WhiteElo "880"]
[BlackElo "1253"]
[PlyCount "60"]
[BlackFideId "1270337"]
[EventCountry "GER"]
[EventRounds "11"]
[EventType "swiss"]
[EventDate "2009.05.30"]

1. e4 c5 2. Nf3 Nc6 3. c3 e6 4. d4 d5 5. exd5 exd5 6. Be3 Qb6 7. b3 Be6 8. Be2
Rc8 9. O-O g6 10. Qd2 cxd4 11. Nxd4 Qa5 12. b4 Qd8 13. Nxc6 bxc6 14. Bxa7 Bg7
15. Bd4 Nf6 16. Re1 O-O 17. Na3 Ne4 18. Qe3 Bf5 19. Bxg7 Kxg7 20. Qd4+ f6 21.
f3 Nd6 22. Bd3 Ra8 23. Nc2 Nb5 24. Bxb5 cxb5 25. Ne3 Be6 26. Qc5 Qd7 27. Re2
Ra3 28. Nc2 Rc8 29. Qd4 Raxc3 30. Rc1 Bf5 0-1

[Event "DEM U10/U10w 2009"]
[Site "Willingen GER"]
[Date "2009.06.04"]
[Round "8"]
[White "Hermann, Tobias"]
[Black "Bachem, Oliver"]
[Result "0-1"]
[Termination "normal"]
[Board "21"]
[WhiteElo "1161"]
[BlackElo "1349"]
[PlyCount "60"]
[WhiteFideId "12903701"]
[BlackFideId "12940186"]
[EventCountry "GER"]
[EventRounds "11"]
[EventType "swiss"]
[EventDate "2009.05.30"]

1. e4 d5 2. exd5 Nf6 3. d4 Nxd5 4. Nf3 Nf6 5. Be2 Bf5 6. O-O e6 7. Bg5 Be7 8.
c4 h6 9. Be3 Nc6 10. Nc3 Ne4 11. a3 Qd7 12. Bd3 Nxc3 13. bxc3 Bxd3 14. Qxd3 Bf6
15. Rfe1 Ne5 16. Nxe5 Bxe5 17. Bxh6 Bxh2+ 18. Kxh2 Rxh6+ 19. Kg1 O-O-O 20. Re3
Rdh8 21. Rh3 Rxh3 22. gxh3 e5 23. Kg2 e4 24. Qg3 g5 25. Re1 Qe7 26. Qg4+ Qd7
27. Rxe4 f5 28. Qxg5 fxe4 29. Qf6 Qxh3+ 30. Kg1 Qh1# 0-1

[Event "DEM U10/U10w 2009"]
[Site "Willingen GER"]
[Date "2009.06.04"]
[Round "8"]
[White "Berdin, Victoria"]
[Black "Nobis, Anna"]
[Result "1/2-1/2"]
[Termination "normal"]
[Board "22"]
[WhiteElo "1137"]
[BlackElo "1269"]
[PlyCount "76"]
[BlackFideId "1270302"]
[EventCountry "GER"]
[EventRounds "11"]
[EventType "swiss"]
[EventDate "2009.05.30"]

1. e4 c5 2. c3 Nc6 3. d4 cxd4 4. cxd4 d6 5. h3 Nf6 6. Nc3 g6 7. Nf3 Bg7 8. Be3
O-O 9. Be2 b6 10. O-O Bb7 11. Qd2 Rc8 12. Bh6 Qd7 13. Bb5 a6 14. Bd3 Nb4 15.
Bxg7 Kxg7 16. a3 Nxd3 17. Qxd3 Rfd8 18. Rfd1 Qc6 19. Re1 Qc7 20. Rad1 Nh5 21.
Qe3 e5 22. dxe5 dxe5 23. Nd5 Bxd5 24. Rxd5 Rxd5 25. exd5 Re8 26. Qc1 Qd6 27.
Qc6 Qd8 28. Rxe5 Rxe5 29. Nxe5 Nf4 30. d6 Ne6 31. Qd5 Qc8 32. Qc6 Qd8 33. d7
Qg5 34. Nf3 Qd8 35. Qc8 Qf6 36. Qc3 Qxc3 37. bxc3 Kf8 38. Ng5 Ke7 1/2-1/2

[Event "DEM U10/U10w 2009"]
[Site "Willingen GER"]
[Date "2009.06.04"]
[Round "8"]
[White "von Reppert, Marc"]
[Black "Baberz, Alexander"]
[Result "0-1"]
[Termination "normal"]
[Board "23"]
[WhiteElo "1111"]
[BlackElo "1268"]
[PlyCount "78"]
[WhiteFideId "12918130"]
[BlackFideId "12921734"]
[EventCountry "GER"]
[EventRounds "11"]
[EventType "swiss"]
[EventDate "2009.05.30"]

1. d4 d5 2. c4 c6 3. Nc3 Nf6 4. Nf3 e6 5. Bg5 Nbd7 6. e3 Be7 7. Bd3 O-O 8. O-O
b6 9. Rc1 h6 10. Bh4 Bb7 11. cxd5 cxd5 12. Bxf6 Nxf6 13. Re1 Rc8 14. a3 a6 15.
Qe2 b5 16. Qd2 Ne4 17. Bxe4 dxe4 18. Ne5 Kh7 19. f3 f6 20. Ng4 exf3 21. gxf3
Bxf3 22. Nf2 Qe8 23. Qd3+ f5 24. Ne2 Qg6+ 25. Ng3 Bd6 26. Nfh1 h5 27. Kf2 f4
28. Qxg6+ Kxg6 29. Kxf3 fxg3+ 30. Kg2 gxh2 31. Rxc8 Rxc8 32. e4 Rc2+ 33. Kh3
Rxb2 34. e5 Bxa3 35. Ra1 b4 36. Ng3 Rc2 37. Rh1 b3 38. Rxh2 Rxh2+ 39. Kxh2 b2
0-1

[Event "DEM U10/U10w 2009"]
[Site "Willingen GER"]
[Date "2009.06.04"]
[Round "8"]
[White "Kasel, Mario"]
[Black "Richardt, Angelina"]
[Result "1/2-1/2"]
[Termination "normal"]
[Board "24"]
[WhiteElo "1234"]
[BlackElo "1094"]
[PlyCount "44"]
[WhiteFideId "24660957"]
[BlackFideId "12938149"]
[EventCountry "GER"]
[EventRounds "11"]
[EventType "swiss"]
[EventDate "2009.05.30"]

1. e4 e5 2. Nf3 d6 3. Bc4 Be7 4. Nc3 Nf6 5. d3 c6 6. Bb3 Nbd7 7. O-O O-O 8. Bg5
Qc7 9. d4 Re8 10. d5 b5 11. dxc6 Qxc6 12. Nd5 Bb7 13. Nxf6+ Nxf6 14. Bxf6 Bxf6
15. Qd5 Qd7 16. Qd3 a5 17. a4 b4 18. Rfd1 Rad8 19. Bd5 Bc8 20. Qc4 Rf8 21. Qb5
Qa7 22. c3 Rde8 1/2-1/2

[Event "DEM U10/U10w 2009"]
[Site "Willingen GER"]
[Date "2009.06.04"]
[Round "8"]
[White "Lehmann, Erik"]
[Black "Balzer, Alexander"]
[Result "1-0"]
[Termination "normal"]
[Board "25"]
[WhiteElo "943"]
[BlackElo "1229"]
[PlyCount "105"]
[BlackFideId "34609822"]
[EventCountry "GER"]
[EventRounds "11"]
[EventType "swiss"]
[EventDate "2009.05.30"]

1. c4 e6 2. Nc3 d5 3. cxd5 exd5 4. d4 Nf6 5. Bg5 Bb4 6. Nf3 Be6 7. Qa4+ Nc6 8.
Ne5 Bxc3+ 9. bxc3 Bd7 10. Nxd7 Qxd7 11. Rb1 O-O-O 12. Bh4 Ne7 13. Qxa7 Qc6 14.
Rb3 Rhe8 15. g3 Ne4 16. Bxe7 Qh6 17. Qxb7+ Kd7 18. Qxd5+ Kc8 19. Qf5+ Rd7 20.
Qf4 Qxf4 21. gxf4 Rexe7 22. Bh3 h6 23. Bxd7+ Kxd7 24. a4 Re6 25. Ra3 Ra6 26. f3
Nxc3 27. Rxc3 Rxa4 28. Kd2 Rxd4+ 29. Rd3 Rxd3+ 30. Kxd3 f6 31. h4 c6 32. Rg1 g5
33. fxg5 fxg5 34. hxg5 hxg5 35. Rxg5 Kd6 36. Kd4 Kc7 37. Re5 Kd6 38. f4 Kd7 39.
f5 Kd6 40. f6 c5+ 41. Rxc5 Ke6 42. f7 Kxf7 43. Rc6 Ke7 44. Kd5 Ke8 45. Rc7 Kd8
46. Kd6 Ke8 47. e3 Kd8 48. Rh7 Ke8 49. Rb7 Kf8 50. Ke6 Kg8 51. Kf6 Kh8 52. Kg6
Kg8 53. Rb8# 1-0

[Event "DEM U10/U10w 2009"]
[Site "Willingen GER"]
[Date "2009.06.04"]
[Round "8"]
[White "Pohl, Jannik"]
[Black "Weis, Olga"]
[Result "0-1"]
[Termination "normal"]
[Board "26"]
[WhiteElo "883"]
[BlackElo "1222"]
[PlyCount "36"]
[BlackFideId "1270234"]
[EventCountry "GER"]
[EventRounds "11"]
[EventType "swiss"]
[EventDate "2009.05.30"]

1. d4 d5 2. Nc3 c5 3. e3 Nc6 4. Bb5 Bd7 5. Nf3 Bg4 6. h3 Bh5 7. Bd2 Nf6 8. a3
e6 9. O-O Bd6 10. Re1 O-O 11. e4 dxe4 12. dxc5 exf3 13. cxd6 fxg2 14. Be2 Bxe2
15. Qxe2 Qxd6 16. Kxg2 Nd4 17. Qd1 Qc6+ 18. Kf1 Qh1# 0-1

[Event "DEM U10/U10w 2009"]
[Site "Willingen GER"]
[Date "2009.06.04"]
[Round "8"]
[White "Fieberg, Samuel"]
[Black "Schamschurko, André"]
[Result "0-1"]
[Termination "normal"]
[Board "27"]
[WhiteElo "1125"]
[BlackElo "1282"]
[PlyCount "48"]
[WhiteFideId "12901717"]
[BlackFideId "24695670"]
[EventCountry "GER"]
[EventRounds "11"]
[EventType "swiss"]
[EventDate "2009.05.30"]

1. e4 e5 2. Nf3 Nc6 3. Bc4 Nf6 4. Ng5 d5 5. exd5 Na5 6. Bb5+ c6 7. dxc6 bxc6 8.
Qf3 Bb7 9. Ba4 Qc7 10. O-O Bd6 11. Re1 O-O 12. h3 h6 13. Ne4 Nxe4 14. Qxe4 c5
15. Qg4 f5 16. Qe2 Qf7 17. d3 Qg6 18. Qf1 f4 19. Kh1 Qh5 20. Kh2 Rf6 21. Bd2
Rg6 22. g3 Rf8 23. g4 Rxg4 24. Qe2 f3 0-1

[Event "DEM U10/U10w 2009"]
[Site "Willingen GER"]
[Date "2009.06.04"]
[Round "8"]
[White "Graf, Clara Victoria"]
[Black "Truong, Van Trang"]
[Result "1-0"]
[Termination "normal"]
[Board "28"]
[WhiteElo "1255"]
[BlackElo "1059"]
[PlyCount "107"]
[WhiteFideId "1270339"]
[EventCountry "GER"]
[EventRounds "11"]
[EventType "swiss"]
[EventDate "2009.05.30"]

1. e4 e5 2. Nf3 d6 3. d4 Nd7 4. Bc4 c6 5. Nc3 Be7 6. dxe5 dxe5 7. Ng5 Bxg5 8.
Qh5 Qe7 9. Bxg5 Ngf6 10. Qe2 h6 11. Bd2 O-O 12. O-O-O b5 13. Bd3 a5 14. h4 a4
15. a3 Rb8 16. Na2 Nc5 17. Nb4 Nxd3+ 18. Qxd3 c5 19. Nc6 Qc7 20. Nxb8 Qxb8 21.
f3 b4 22. Be3 Qb6 23. Qd6 Qxd6 24. Rxd6 Be6 25. Bxc5 b3 26. Bb4 bxc2 27. Kxc2
Rc8+ 28. Bc3 Nh5 29. Kb1 Rc5 30. Bd2 Kf8 31. Bb4 Kg8 32. Bxc5 Nf4 33. Rxe6 Nxe6
34. Bd6 f6 35. Rc1 Nf4 36. g3 Ne2 37. Rc4 Nxg3 38. Rxa4 f5 39. Bxe5 Nf1 40.
exf5 Nd2+ 41. Kc2 Nxf3 42. Bg3 Kf7 43. b4 Nd4+ 44. Kd3 Nxf5 45. Be1 Ke6 46. b5
Kd5 47. Rb4 Kc5 48. Bf2+ Kd6 49. b6 Kc6 50. b7 Nd6 51. b8=Q g5 52. Rb6+ Kd7 53.
Qxd6+ Kc8 54. Rb8# 1-0

[Event "DEM U10/U10w 2009"]
[Site "Willingen GER"]
[Date "2009.06.04"]
[Round "8"]
[White "Teichmann, Felix"]
[Black "Kim, Yu-Mi"]
[Result "1-0"]
[Termination "normal"]
[Board "29"]
[WhiteElo "1211"]
[BlackElo "824"]
[PlyCount "99"]
[WhiteFideId "12927538"]
[BlackFideId "12955361"]
[EventCountry "GER"]
[EventRounds "11"]
[EventType "swiss"]
[EventDate "2009.05.30"]

1. e4 e5 2. Bc4 Nf6 3. d3 Nc6 4. c3 Bc5 5. Nf3 d6 6. O-O Bg4 7. Nbd2 O-O 8. h3
Bh5 9. Re1 d5 10. exd5 Nxd5 11. Nf1 Nb6 12. Bb3 Qf6 13. Bg5 Bxf3 14. Bxf6 Bxd1
15. Raxd1 gxf6 16. Re4 f5 17. Rh4 Na5 18. Bc2 Rfe8 19. Rh5 Nc6 20. b4 Bd6 21.
Rxf5 a5 22. a3 axb4 23. axb4 Ra3 24. Rb1 Rxc3 25. Bb3 Re7 26. Rg5+ Kf8 27. Rh5
Nxb4 28. Rxh7 Nxd3 29. Ng3 Kg8 30. Rh5 Rc1+ 31. Rxc1 Nxc1 32. Rg5+ Kf8 33. Bc2
f6 34. Rh5 Kg8 35. Nf5 Rd7 36. Nh6+ Kg7 37. Nf5+ Kf7 38. Nh6+ Kf8 39. Ng4 Ne2+
40. Kf1 Nf4 41. Rh8+ Ke7 42. Bf5 Rd8 43. Rh7+ Kf8 44. Rh8+ Ke7 45. Rh7+ Ke8 46.
g3 Nfd5 47. Bg6+ Kf8 48. Rf7+ Kg8 49. Nh6+ Kh8 50. Rh7# 1-0

[Event "DEM U10/U10w 2009"]
[Site "Willingen GER"]
[Date "2009.06.04"]
[Round "8"]
[White "Schirmer, Christoph"]
[Black "Schmidt, Tobias"]
[Result "0-1"]
[Termination "normal"]
[Board "30"]
[WhiteElo "1092"]
[BlackElo "1205"]
[PlyCount "94"]
[BlackFideId "1271683"]
[EventCountry "GER"]
[EventRounds "11"]
[EventType "swiss"]
[EventDate "2009.05.30"]

1. e4 e6 2. d4 d5 3. e5 c5 4. c3 Nc6 5. a3 Qb6 6. Nf3 Nh6 7. b4 cxd4 8. cxd4
Nf5 9. Be3 f6 10. Bd3 Nxe3 11. fxe3 Be7 12. O-O fxe5 13. Nxe5 Nxe5 14. dxe5
Qxe3+ 15. Kh1 Qxe5 16. Ra2 Bd7 17. Rc2 Rc8 18. Rcf2 Bf6 19. Qe2 Qxe2 20. Bxe2
O-O 21. Nd2 Bb2 22. Nb3 Rxf2 23. Rxf2 Bxa3 24. b5 Rf8 25. Rxf8+ Kxf8 26. Kg1
Ke7 27. Kf2 e5 28. Ke3 Kd6 29. Nd2 Kc5 30. Nb3+ Kb4 31. Na1 Bc1+ 32. Kf2 Bxb5
33. Nc2+ Kc5 34. Bxb5 Kxb5 35. Ke2 Kc4 36. Kd1 Bf4 37. g3 Bh6 38. h4 d4 39. g4
Bf4 40. Na3+ Kb4 41. Nc2+ Kc3 42. Ne1 e4 43. Ng2 Bg3 44. h5 d3 45. Ne3 Bf2 46.
Nf1 e3 47. Kc1 e2 0-1

[Event "DEM U10/U10w 2009"]
[Site "Willingen GER"]
[Date "2009.06.04"]
[Round "8"]
[White "Nguyen, Anh Van"]
[Black "Phenn, Jan-Niklas"]
[Result "0-1"]
[Termination "normal"]
[Board "31"]
[WhiteElo "1095"]
[BlackElo "1172"]
[PlyCount "78"]
[WhiteFideId "12908223"]
[BlackFideId "12954985"]
[EventCountry "GER"]
[EventRounds "11"]
[EventType "swiss"]
[EventDate "2009.05.30"]

1. e4 e5 2. f4 Bc5 3. Nf3 d6 4. Nc3 Nf6 5. Bc4 O-O 6. fxe5 dxe5 7. Nxe5 Qd4 8.
Bxf7+ Rxf7 9. Nd3 Bb6 10. Qe2 Bg4 11. Qe3 Qxe3+ 12. dxe3 Be6 13. Nf4 Bd7 14.
Bd2 Nc6 15. O-O-O Re8 16. h4 Nxe4 17. Nxe4 Rxe4 18. Bc3 Bxe3+ 19. Bd2 Bxd2+ 20.
Rxd2 Rexf4 21. Rhd1 Bg4 22. b3 Bxd1 23. Kxd1 Rf1+ 24. Ke2 R7f2+ 25. Kd3 Rxd2+
26. Kxd2 Kf7 27. Kc3 Rf4 28. h5 Ke6 29. a3 Kd5 30. Kd3 Rg4 31. c4+ Ke5 32. c5
Rg3+ 33. Kc4 Rxg2 34. Kb5 g5 35. b4 g4 36. h6 g3 37. a4 Ra2 38. a5 Kd5 39. a6
bxa6# 0-1

[Event "DEM U10/U10w 2009"]
[Site "Willingen GER"]
[Date "2009.06.04"]
[Round "8"]
[White "Kempe, Anne"]
[Black "Stukenborg, Rudi"]
[Result "0-1"]
[Termination "normal"]
[Board "32"]
[WhiteElo "1168"]
[BlackElo "1035"]
[PlyCount "104"]
[WhiteFideId "12918083"]
[BlackFideId "1270497"]
[EventCountry "GER"]
[EventRounds "11"]
[EventType "swiss"]
[EventDate "2009.05.30"]

1. e4 c5 2. Nf3 Nc6 3. d4 cxd4 4. Nxd4 g6 5. Nc3 Bg7 6. Be3 Nf6 7. Bc4 O-O 8.
O-O Nxe4 9. Nxe4 d5 10. Nxc6 bxc6 11. Bd3 dxe4 12. Bxe4 Qxd1 13. Raxd1 Ba6 14.
Bd3 Bxd3 15. Rxd3 Bxb2 16. Bc5 Bf6 17. Re1 Rfe8 18. Rd7 e6 19. Bxa7 Red8 20.
Red1 Rxd7 21. Rxd7 Kg7 22. a4 Bc3 23. Rc7 Be5 24. Rd7 Kf6 25. Bd4 Rxa4 26.
Bxe5+ Kxe5 27. h3 Kf6 28. Kf1 Rc4 29. Rd2 h5 30. Ke2 Ke5 31. Kf3 f5 32. Re2+
Re4 33. Rxe4+ fxe4+ 34. Ke3 g5 35. c3 c5 36. c4 g4 37. h4 Kf5 38. g3 Ke5 39.
Ke2 Kd4 40. Kd2 Kxc4 41. Kc2 Kd4 42. Kd2 c4 43. Ke2 Kc3 44. Ke3 Kb2 45. Kf4 c3
46. Kg5 c2 47. Kxh5 c1=Q 48. Kxg4 Qd1+ 49. Kh3 Qh1+ 50. Kg4 Qf3+ 51. Kh3 Qxf2
52. Kg4 Qf5# 0-1